Riconosci il Pokémon - Quiz n°459 - Statistics

Statistiche generali
  • Questo quiz è stato fatto 1 volte
  • Il punteggio medio è 4 su 10
Statistiche sulle risposte
Indizio Risposta % Corretto
Stadio evoluzione Forma Base
100%
Generazione Quarta
100%
Abilità Scoppio; Agiltecnica; Bruciaimpeto
100%
Tipo Spettro / Volante
100%
Altezza 0,4 m
0%
Tasso di cattura 125 (25.7%)
0%
Peso 1,2 kg
0%
Sesso 50% ♂, 50% ♀
0%
Pokémon Drifloon
0%
Tasso di allevamento Fluttuante
0%
Nessun quiz corrispondente trovato
Distribuzione punteggi
Percentuale di utenti per punteggio
Percentile per numero di risposta
I tuoi punteggi nel tempo
Non hai fatto questo quiz